Kiinan naapurimaat - Äkkikuolema - Statistics

Yleistilastot
  • Tätä visaa on pelattu 3 961 kertaa
  • Keskiarvotulos 6 / 14
Answers on the Grid
Answers color-coded by a green-red scale on the quiz's grid according to % correct below.
Afganistan
Azerbaidžan
Bangladesh
Bhutan
Egypti
Etelä-Korea
Indonesia
Intia
Iran
Japani
Jordania
Kambodža
Kazakstan
Kirgisia
Laos
Mongolia
Myanmar
Nepal
Pakistan
Pohjois-Korea
Singapore
Sri Lanka
Tadžikistan
Thaimaa
Turkki
Turkmenistan
Venäjä
Vietnam
 
Vastaustilastot
Vastaus % Oikein
Venäjä
71%
Mongolia
66%
Pohjois-Korea
63%
Nepal
59%
Intia
57%
Vietnam
45%
Kazakstan
41%
Bhutan
39%
Myanmar
34%
Pakistan
32%
Kirgisia
31%
Laos
29%
Afganistan
26%
Tadžikistan
25%
Ehtoja vastaavia visoja ei löytynyt
Tulosjakauma
Jokaisen tuloksen saaneiden osuus
Persentiili vastausten määrän mukaan
Tuloshistoriasi
Et ole pelannut tätä visaa